000 00425 a2200121 4500
001 ART_42766
005 20260410161737.0
008 260409a
245 1 0 _aEl gobierno apuesta a la reactivación económica
100 1 _aBotana, Natalio
700 1 _aRodríguez Giavarini, Adalberto
773 0 _tEjecutivos de finanzas
_gNecesidad de reconversión de las Pymes - Año 13, Nº 133 (mar. 1997)
_wREV2863
999 _c18412
_d18412